| 000 | 00480nam a22001817a 4500 | ||
|---|---|---|---|
| 003 | PILC | ||
| 005 | 20160112115351.0 | ||
| 008 | 121115t xxu||||| |||| 00| 0 eng d | ||
| 020 | _a1423105095 | ||
| 050 |
_aPZ 7 _b.C695 2006 |
||
| 082 |
_aFIC _bC68h 2006 |
||
| 100 |
_aColfer, Eoin _917202 |
||
| 245 |
_aHalf moon investigations _cBy Eoin Colfer. |
||
| 260 |
_aNew York. _bHyperion Books for Children. _cc2006. |
||
| 300 |
_g19 cm. _a290 p. |
||
| 942 |
_2lcc _cBK |
||
| 999 |
_c1183 _d1183 |
||